Statistics for Random City to State HOI4

Click here to take the quiz!

General Stats

  • This quiz has been taken 96 times
  • The average score is 11 of 20

Answer Stats

CityVictory PointsState% Correct
Barcelona30Cataluña
100%
Danzig10Danzig
100%
Chicago30Illinois
100%
Kiev25Kiev
100%
Rome40Latium
100%
Palermo20Sicily
100%
Tehran10Tehran
100%
New York30New York
90%
Los Angeles30California
89%
Berlin50Brandenburg
88%
San Diego15California
88%
Vladivostok15Vladivostok
88%
Venice10Veneto
86%
Kraków20Kraków
83%
Pittsburgh15Pennsylvania
83%
Brussels30Vlaanderen
83%
London50Greater London Area
80%
Lisbon20Lisbon
80%
Minsk20Minsk
80%
Philadelphia20Pennsylvania
80%
Prague30Bohemia
78%
Sevastopol20Crimea
78%
Beijing20Beijing
75%
Detroit20Michigan
75%
Moscow50Moscow
75%
Boston20New England
75%
Sydney20New South Wales
75%
Le Havre10Normandy
75%
Wellington10North Island
75%
Portsmouth15Sussex
75%
Ankara15Ankara
71%
Istanbul25Istanbul
71%
Brest20Brittany
67%
San Francisco25California
67%
Rotterdam20Holland
67%
Paris50Ile de France
67%
Rostov15Rostov
67%
Belgrade15Serbia
67%
Smolensk15Smolensk
67%
Sapporo15Hokkaido
64%
Amsterdam40Holland
63%
Izmir15Izmir
63%
Leningrad30Leningrad
63%
São Paulo20São Paulo
63%
Baku10Azerbaijan
60%
Honolulu15Hawaii
60%
Łódz10Łódz
60%
Madrid30Madrid
60%
Stalingrad30Stalingrad
60%
Richmond15Virginia
60%
Hamburg20Schleswig-Holstein
57%
Liége10Wallonie
57%
Delhi15Delhi
56%
The Hague10Holland
55%
Washington D.C.40Maryland
55%
Athens20Attica
50%
Cairo20Cairo
50%
Milan15Lombardy
50%
Mexico City25Mexico City
50%
Brno20Moravia
50%
Calais15Nord-Pas-de-Calais
50%
Genoa10Piedmont
50%
Copenhagen20Sjaelland
50%
Plymouth10South-West England
50%
Trabzon15Trabzon
50%
Warsaw25Warszawa
50%
Zürich10Eastern Switzerland
44%
Canberra30New South Wales
44%
Nanjing20Shanghai
44%
Edinburgh10Lothian
43%
Ottawa20Southern Ontario
43%
Vancouver15British Columbia
40%
Taranto15Calabria
40%
Bucharest20Muntenia
40%
Berne15Switzerland
40%
Antwerpen30Vlaanderen
40%
Frankfurt20Hessen
38%
Vienna30Lower Austria
38%
Sofia15Sofia
38%
Bordeaux20Aquitaine
33%
Naples20Campania
33%
Tokyo50Kanto
33%
Nagasaki30Kyushu
33%
Essen10Rhineland
33%
Montréal20Saint Lawrence
33%
Hiroshima30Chugoku
29%
Budapest20Northern Hungary
29%
Oslo15Østlandet
29%
Kanazawa15Koshinetsu
25%
Kagoshima15Kyushu
25%
Liverpool30Lancashire
25%
Brisbane15Queensland
25%
Lyon10Rhone
25%
Buenos Aires10Pampas
20%
Göteborg10Västergötland
20%
Birmingham25West Midlands
20%
Stuttgart20Württemberg
20%
Orleans15Centre
17%
Manila15Manila
17%
Munich20Oberbayern
17%
Chongqing20Sichuan
17%
Helsinki15Uusimaa
14%
Osaka40Kansai
11%
Sheffield15Yorkshire
10%
Nuremberg10Franken
9%
Glasgow15Lanark
0%
Gaziantep15Malatya
0%
Marseille10Provence
0%
Adelaide15South Australia
0%
Dover20Sussex
0%
Stockholm20Svealand
0%
Sendai15Tohoku
0%
Nagoya25Tokai
0%
Pretoria10Transvaal
0%
Melbourne20Victoria
0%

Score Distribution

Percentile by Number Answered

Percent of People with Each Score

Your Score History

You have not taken this quiz